Central Library OPAC University of Rajshahi

সুনীল গঙ্গোপাধ্যায়ের কবিতা : (Record no. 86315)

MARC details
000 -LEADER
fixed length control field 01560nam a2200265 a 4500
001 - CONTROL NUMBER
RUCL Control Number 86315
003 - CONTROL NUMBER IDENTIFIER
rucl marc code BD-RjUL
005 - DATE AND TIME OF LATEST TRANSACTION
control field 20260405113724.0
008 - FIXED-LENGTH DATA ELEMENTS--GENERAL INFORMATION
fixed length control field 260405s2024 bg a|||| m||| 00| 0 ben d
035 ## - SYSTEM CONTROL NUMBER
system control number (BD-RjUL)86315
040 ## - CATALOGING SOURCE
Original cataloging agency BD-RjUL
Language of cataloging ben / eng
Transcribing agency BD-RjUL
Modifying agency BD-RjUL
041 ## - LANGUAGE CODE
Language code of Book ben
082 ## - DEWEY DECIMAL CLASSIFICATION NUMBER
DDC Edition number 23
Classification number 891.44109
Author mark and Year NIS 2024
100 ## - MAIN ENTRY--PERSONAL NAME
Personal name তাবাসাসুম, নীলিমা, গবেষক
9 (RLIN) 18005
245 10 - TITLE STATEMENT
Title সুনীল গঙ্গোপাধ্যায়ের কবিতা :
Remainder of title বিষয় ও শিল্পরুপ /
Statement of responsibility, etc গবেষক, নীলিমা তাবাসাসুম
Name of Supervisor/Co-Supervisor গবেষণা তত্ত্বাবধায়ক : মানিকুল ইসলাম
246 ## - VARYING FORM OF TITLE
Title proper/short title Sunil Gangopadhyays Poetry :
Remainder of title Content and Form /
260 ## - PUBLICATION, DISTRIBUTION, ETC. (IMPRINT)
Place of publication, distribution, etc রাজশাহী :
Name of publisher, distributor, etc বাংলা বিভাগ, রাজশাহী বিশ্ববিদ্যালয়,
Date of publication, distribution, etc ২০২৪
300 ## - PHYSICAL DESCRIPTION
Pagination xxvi, ৩৩৪ পাতা :
Other physical details চিত্র ;
Dimensions ৩০ সেমি.
502 ## - DISSERTATION NOTE
Dissertation note থিসিস (পিএইচ, ডি.) -- বাংলা বিভাগ, রাজশাহী বিশ্ববিদ্যালয়, ২০২৪
504 ## - BIBLIOGRAPHY, ETC. NOTE
Bibliography, etc গ্রন্থপঞ্জি : পাতা [৩০৮]-৩২৮
650 ## - SUBJECT ADDED ENTRY--TOPICAL TERM
Topical term or geographic name as entry element কবিতা
Form subdivision বংলা সাহিত্যে
9 (RLIN) 18006
Topical term or geographic name as entry element Poetry
Form subdivision Bengali Lierature
9 (RLIN) 18007
700 ## - ADDED ENTRY--SUPERVISOR/CO-SUPERVISOR NAME
Personal name ইসলাম, মানিকুল, গবেষণা তত্ত্বাবধায়ক
9 (RLIN) 18008
942 ## - ADDED ENTRY ELEMENTS (KOHA)
Source of classification or shelving scheme Dewey Decimal Classification
Koha item type Theses
Holdings
Source of classification or shelving scheme Damaged status Not for loan Collection code Permanent Location Current Location Shelving location Date of accession Source of acquisition Total Checkouts Full call number Barcode Date last seen Copy number Thesis
Dewey Decimal Classification   Not For Loan Theses Central Library, University of Rajshahi Central Library, University of Rajshahi Documentation Section   Controller of Examination Office, R. U.   BTHE 891.44109 NIS 2024 D5275 05/04/2026 C-1 Theses